03673cam a2200493 i 450000100090000000300040000900500170001300800410003001000170007101500190008801600180010702000180012502000180014303500240016104000710018504200140025604300120027005000230028208200180030510000430032324501530036625000180051926401100053726400110064730000450065850000240070350400670072752013000079465000540209465000730214865000580222165000650227965000690234465000840241365000720249765000570256965100450262677600350267194200420270695201380274895201380288695201380302499900170316222524726OSt20250610113604.0220426t20192019enka b 001 0 eng d a 2021301409 aGBB9D90672bnb7 a0195034242Uk a9788131267646 a9780128197820 a(OCoLC)on1112383488 aUKMGBbengcUKMGBerdadOCLCOdOCLCFdGRGdYDXdQGEdOCLdHRMdDLC alccopycat an-us---00aHD58.8b.D467 201904a658.16bDEP/M1 aDePamphilis, Donald M.eauthor.91058510aMergers, acquisitions, and other restructuring activities :ban integrated approach to process, tools, cases and solutions /cDonald M. DePamphilis. a11th edition. 1aLondon, United Kingdom ;aSan Diego, CA, United States :bAcademic Press, an imprint of Elsevier,c[2022] 4c©2019 axxi, 580 pages :billustrations ;c28 cm aFirst edition: 2001 aIncludes bibliographical references (pages 523-540) and index. a"Mergers, Acquisitions, and Other Restructuring Activities: An Integrated Approach to Process, Tools, Cases, and Solutions, Tenth Edition, is the most comprehensive and cutting-edge text available on the subject. Supported by recent peer-reviewed academic research, this book provides many recent, notable deals, precedent-setting judicial decisions, government policies and regulations, and trends affecting M&As, as well as takeover strategies and tactics. Today's policies, politics and economics are reflected in the book's 40 case studies, 90% of which involve deals either announced or completed during the last several years. These cases represent friendly, hostile, highly leveraged, and cross-border transactions in ten different industries, involving public and private firms and those experiencing financial distress. Sections discuss an overview of M&As, key regulations, common strategies and tactics, how managers may choose a business strategy from available options, valuation methods and basic financial modeling techniques, the negotiating process, how deal structuring and financing are inextricably linked, how consensus is reached during the bargaining process, the role of financial models in closing the deal and strategic growth options as alternatives to domestic M&As." 0aOrganizational changezUnited StatesxManagement. 0aConsolidation and merger of corporationszUnited StatesxManagement. 0aCorporate reorganizationszUnited StatesxManagement. 7aOrganizational changexManagement.2fast0(OCoLC)fst01047838 7aCorporate reorganizationsxManagement.2fast0(OCoLC)fst00879708 7aConsolidation and merger of corporationsxManagement.2fast0(OCoLC)fst00875681 7aConsolidation and merger of corporations.2fast0(OCoLC)fst00875660 7aCorporate reorganizations.2fast0(OCoLC)fst00879699 7aUnited States.2fast0(OCoLC)fst0120415508iebook version :z9780128150764 2ddccBKh658.16iDEP/Mk658.16mDEP/M 00102ddc40708MANAGEMENTaMESbMEScMANAGEMENTd2025-06-10l0o658.16 DEP/Mp45873r2025-06-10 11:35:57t1w2025-06-10yBKzGL54R3 00102ddc40708MANAGEMENTaMESbMEScMANAGEMENTd2025-06-10l0o658.16 DEP/Mp45874r2025-06-10 11:35:57t2w2025-06-10yBKzGL54R3 00102ddc40708MANAGEMENTaMESbMEScMANAGEMENTd2025-06-10l0o658.16 DEP/Mp45875r2025-06-10 11:35:57t3w2025-06-10yBKzGL54R3 c44506d44506